Sarilhos na quinta (Record no. 2050)
[ view plain ]
| 000 -Etiqueta do registo | |
|---|---|
| Valores | 00852nam a2200289 4500 |
| 010 ## - Número ISBN | |
| ISBN | 9789895813797 |
| 021 ## - Número do Depósito Legal | |
| Código do país | Portugal |
| Número | 538569/24 |
| 100 ## - Dados gerais de processamento | |
| Dados gerais | 20260212d2025 a||y0pory50030103ba |
| 101 ## - Língua de publicação | |
| Língua | Português |
| 102 ## - País de publicação | |
| País | Portugal |
| 200 ## - Titulo e menção de responsabilidade | |
| Título próprio | Sarilhos na quinta |
| Primeira menção de responsabilidade | texto Enid Blyton |
| Outras menções de responsabilidade | il. Jennifer Jamieson |
| -- | trad. Eugénia Antunes |
| 205 ## - Menção da edição | |
| Edição | 1ª edição |
| 210 ## - Publicação | |
| Local de publicação | Alfragide |
| Nome do editor | Oficina do Livro |
| Data de publicação | 2025 |
| 215 ## - Descrição física | |
| Paginação / Volumes | 76, [4] p. |
| Outras indicações físicas | il. |
| Dimensões | 20 cm |
| 225 2# - Colecção | |
| Título próprio da colecção | Os mini cinco |
| Indicação de volume | 18 |
| 300 ## - Notas gerais | |
| Texto da nota | BMB-Registado |
| 304 ## - Nota relativa ao título | |
| Texto de nota | Tít. orig.: Trouble at the farm |
| 606 ## - Nome comum usado como assunto | |
| ID Autoridade | 815 |
| Palavra de ordem | Literatura Juvenil |
| 675 ## - CDU | |
| Notação | 087.5 |
| Edição | BMB |
| Língua | por |
| 700 ## - Autor principal (pessoa individual) | |
| Apelido | Blyton |
| Nome | Enid |
| Datas | 1897-1968 |
| 702 ## - Autor secundário (pessoa individual) | |
| Apelido | Jamieson |
| Nome | Jennifer |
| Função | Ilustrador |
| ID Autoridade | 2939 |
| 702 ## - Autor secundário (pessoa individual) | |
| Apelido | Antunes |
| Nome | Eugénia |
| Datas | 1972- |
| Função | Tradutor |
| ID Autoridade | 887 |
| 702 #1 - Autor secundário (pessoa individual) | |
| Apelido | Blyton, |
| Nome | Enid, |
| Datas | 1897-1968 |
| 801 ## - Fonte de origem | |
| País | PT |
| Agência | BMB |
| Regras de catalogação | RPC |
| 990 ## - Elementos KOHA | |
| Tipo de documento | Livro |
| Situação do levantamento | Estado | Número | Biblioteca de origem | Código de barras | Cota | Permissão de empréstimo | Tipo de documento | Forma de aquisição |
|---|---|---|---|---|---|---|---|---|
| 1 | Biblioteca Municipal de Borba | 2000 | 087.5 BLY / SAR | Livro | Compra |